000 00508nam a2200181 4500
008 181003b xxu||||| |||| 00| 0 eng d
020 _a0534514553
082 _a306
_bP39h
100 _aPeoples, James
245 _aHumanity; an introduction to cultural anthropology
250 _a5th ed.
260 _aAustralia:
_bWadsworth Thomson Learning,
_c2000
300 _axv, 392p. illus.
504 _aBibliography: p. 374 - 383
650 _aEthnology
700 _aBailey, Garrick
942 _2ddc
_cGEN
999 _c83709
_d83698